The muse (Record no. 18104)
[ view plain ]
| 000 -LEADER | |
|---|---|
| fixed length control field | 01429cgm a22003377a 4500 |
| 005 - DATE AND TIME OF LATEST TRANSACTION | |
| control field | 20140312122357.0 |
| 007 - PHYSICAL DESCRIPTION FIXED FIELD--GENERAL INFORMATION | |
| fixed length control field | vd cgaizm |
| 008 - FIXED-LENGTH DATA ELEMENTS--GENERAL INFORMATION | |
| fixed length control field | 140312t1999 xxk93 g |||| 0| vleng d |
| 020 ## - INTERNATIONAL STANDARD BOOK NUMBER | |
| International Standard Book Number | 5017239190582 |
| 082 04 - DEWEY DECIMAL CLASSIFICATION NUMBER | |
| Edition number | 22 |
| Classification number | 791.4372 |
| Item number | MUS |
| 245 04 - TITLE STATEMENT | |
| Title | The muse |
| Medium | [videorecording] / |
| Statement of responsibility, etc | October Films ; produced by Herb Nanas ; written by Albert Brooks & Monica Johnson ; directed by Albert Brooks. |
| 260 ## - PUBLICATION, DISTRIBUTION, ETC. (IMPRINT) | |
| Place of publication, distribution, etc | [London] : |
| Name of publisher, distributor, etc | October Films, |
| Date of publication, distribution, etc | c.1999. |
| 300 ## - PHYSICAL DESCRIPTION | |
| Extent | 1 videodisc (93 min.) : |
| Other physical details | sd., col. ; |
| Dimensions | 4 3/4 in. |
| 508 ## - CREATION/PRODUCTION CREDITS NOTE | |
| Creation/production credits note | Director of photography Thomas Ackerman ; editor Peter Teschner ; music composer Elton John. |
| 511 ## - PARTICIPANT OR PERFORMER NOTE | |
| Participant or performer note | Sharon Stone, Jeff Bridges, Albert Brooks, Andie MacDowell. |
| 521 ## - TARGET AUDIENCE NOTE | |
| Target audience note | Parental guidance general viewing, but some scenes may be unsuitable for young children. |
| 650 #0 - SUBJECT ADDED ENTRY--TOPICAL TERM | |
| Topical term or geographic name as entry element | Motion picture authorship |
| Geographic subdivision | United States |
| Form subdivision | Drama |
| 9 (RLIN) | 35566 |
| 650 #0 - SUBJECT ADDED ENTRY--TOPICAL TERM | |
| Topical term or geographic name as entry element | Screenwriters |
| Geographic subdivision | United States |
| Form subdivision | Drama |
| 9 (RLIN) | 35567 |
| 653 ## - INDEX TERM--UNCONTROLLED | |
| -- | GGEN |
| -- | March2014 |
| 700 1# - ADDED ENTRY--PERSONAL NAME | |
| Personal name | Stone, Sharon, |
| 9 (RLIN) | 35568 |
| Dates associated with a name | 1958- |
| 700 1# - ADDED ENTRY--PERSONAL NAME | |
| Personal name | Bridges, Jeff, |
| 9 (RLIN) | 35569 |
| Dates associated with a name | 1949- |
| 700 1# - ADDED ENTRY--PERSONAL NAME | |
| Personal name | Brooks, Albert, |
| 9 (RLIN) | 35570 |
| Dates associated with a name | 1947- |
| 700 1# - ADDED ENTRY--PERSONAL NAME | |
| Personal name | MacDowell, Andie, |
| 9 (RLIN) | 35571 |
| Dates associated with a name | 1958- |
| 700 1# - ADDED ENTRY--PERSONAL NAME | |
| Personal name | John, Elton, |
| 9 (RLIN) | 35572 |
| Dates associated with a name | 1947- |
| 700 1# - ADDED ENTRY--PERSONAL NAME | |
| Personal name | Teschner, Peter |
| 9 (RLIN) | 35583 |
| 700 1# - ADDED ENTRY--PERSONAL NAME | |
| Personal name | Ackerman, Thomas E., |
| 9 (RLIN) | 35574 |
| Dates associated with a name | 1948- |
| 700 1# - ADDED ENTRY--PERSONAL NAME | |
| Personal name | Johnson, Monica, |
| 9 (RLIN) | 35575 |
| Dates associated with a name | 1946-2010 |
| 700 1# - ADDED ENTRY--PERSONAL NAME | |
| Personal name | Nanas, Herb |
| 9 (RLIN) | 35586 |
| 710 2# - ADDED ENTRY--CORPORATE NAME | |
| Corporate name or jurisdiction name as entry element | October Films |
| 9 (RLIN) | 35587 |
| 942 ## - ADDED ENTRY ELEMENTS (KOHA) | |
| Source of classification or shelving scheme | Dewey Decimal Classification |
| Item type | |
| Call number prefix | 791.4372 MUS |
| Withdrawn status | Lost status | Source of classification or shelving scheme | Damaged status | Not for loan | Koha collection | Home library | Current library | Shelving location | Date acquired | Cost, normal purchase price | Total Checkouts | Full call number | Barcode | Date last seen | Cost, replacement price | Koha item type |
|---|---|---|---|---|---|---|---|---|---|---|---|---|---|---|---|---|
| Dewey Decimal Classification | Baccah | Central Library | Central Library | Second Floor | 12/03/2014 | 191.00 | 791.4372 MUS | 000035687 | 24/08/2022 | 238.75 | CD | DVD - Movie (NB) |